书目信息 |
| 题名: |
语文和语文教学
|
|
| 作者: | 张寿康 著 | |
| 分册: | ||
| 出版信息: | 济南 山东人民出版社 1981 |
|
| 页数: | 230页 | |
| 开本: | 19cm | |
| 丛书名: | ||
| 单 册: | ||
| 中图分类: | H19 , G632 | |
| 科图分类: | ||
| 主题词: | 汉语-语言教学 , 语言教学-汉语 | |
| 电子资源: | ||
| ISBN: | ||
| 000 | 00665nam0 2200253 45 | |
| 001 | 0181005497 | |
| 005 | 20070731114423.07 | |
| 010 | @dCNY0.55 | |
| 091 | @a7099.1020 | |
| 100 | @a19950512d1981 em y0chiy0121 ea | |
| 101 | 0 | @achi |
| 102 | @aCN@b370000 | |
| 105 | @ay z 000yy | |
| 200 | 10 | @a语文和语文教学@Ayu wen he yu wen jiao xue@f张寿康著 |
| 210 | @a济南@c山东人民出版社@d1981 | |
| 215 | @a230页@d19cm | |
| 606 | @a汉语-语言教学 | |
| 606 | @a语言教学-汉语 | |
| 690 | @aH19@v3 | |
| 690 | @aG632 | |
| 701 | 0 | @a张寿康@Azhang shou kang@4著 |
| 801 | 0 | @aCN@b上海图书馆@c20070731 |
| 801 | 2 | @aCN@bNLC@c20060808 |
| 905 | @f1@b53398@f1@b53400@dG632@e9 | |
| 语文和语文教学/张寿康著.-济南:山东人民出版社,1981 |
| 230页;19cm |
| ISBN :CNY0.55 |
| ● |
| 相关链接 |
|
|
|
|
正题名:语文和语文教学
索取号:G632/9
 
预约/预借
| 序号 | 登录号 | 条形码 | 馆藏地/架位号 | 状态 | 备注 |
| 1 | 0053398 | 000468185 | 密集书库/ [索取号:G632/9] | 在馆 | |
| 2 | 0053400 | 000468149 | 第一样本阅览室/ [索取号:G632/9] | 在馆 | |
| 3 | 0053405 | 001774994 | 密集书库/ [索取号:G632/9] | 在馆 | |
| 4 | 0053406 | 001776858 | 密集书库/ [索取号:G632/9] | 在馆 | |
| 5 | 0447436 | 204474363 | 密集书库/ [索取号:G632/9] | 在馆 | |
| 6 | 0786336 | 207863365 | 密集书库/ [索取号:G632/9] | 在馆 |